[Event "Turkey Cup 2020"]
[Site "Antalya-Belek"]
[Date "2020.01.27"]
[Round "3.50"]
[White "Acar, Kaan"]
[Black "Baylav, Can"]
[Result "0-1"]
[WhiteElo "1636"]
[BlackElo "2176"]
[Annotator "NA"]
[PlyCount "148"]
[EventDate "2020.01.26"]
[EventType "swiss"]
[EventCountry "TUR"]
[SourceTitle "playchess.com"]
[Source "ChessBase"]
[SourceQuality "1"]

1. e4 c5 2. Nf3 d6 3. Bb5+ Nd7 4. d4 cxd4 5. Qxd4 a6 6. Bxd7+ Bxd7 7. Nc3 h6 8. O-O e5 9. Qd3 Nf6 10. a4 Rc8 11. a5 Qc7 12. Be3 Qc4 13. Rfd1 Be7 14. Nd2 Qxd3 15. cxd3 Be6 16. f3 d5 17. d4 exd4 18. Bxd4 dxe4 19. Ndxe4 Nxe4 20. Nxe4 O-O 21. Rac1 Rfd8 22. Bb6 Rxd1+ 23. Rxd1 Rc6 24. Kf2 f5 25. Nc3 Kf7 26. Rd3 Bf6 27. f4 Rc4 28. g3 Rb4 29. Rd2 g5 30. Ke3 gxf4+ 31. gxf4 Rxf4 32. Kxf4 Bg5+ 33. Kf3 Bxd2 34. Be3 Bxe3 35. Kxe3 Kg6 36. Kf4 Bc4 37. Na4 Kf6 38. Nc5 Bd5 39. Nd3 Ke6 40. Nf2 Bb3 41. Nd3 Kd5 42. Ne1 Kc4 43. Kxf5 Bd1 44. Ke5 Kb5 45. Kd4 Kxa5 46. Kc3 Kb5 47. Nd3 a5 48. Ne5 Kc5 49. Nd7+ Kd6 50. Nf6 Ke5 51. Nd7+ Kf4 52. Nc5 b6 53. Nd3+ Kf3 54. Kd2 Be2 55. Ne5+ Kf2 56. h4 h5 57. Ng6 Bg4 58. Kc3 Kg3 59. Kc4 Bd7 60. Kd5 Be8 61. Ne7 Kxh4 62. Nf5+ Kg4 63. Ne3+ Kf3 64. Nf5 Bd7 65. Nh4+ Kg3 66. Ng6 h4 67. Nxh4 Kxh4 68. Kd6 Be8 69. Ke7 Bh5 70. Kd6 Be2 71. Kc6 b5 72. Kb6 a4 73. Ka5 Kg4 74. Kb4 Bc4 0-1

[Event "Turkey Cup 2020"]
[Site "Antalya-Belek"]
[Date "2020.01.27"]
[Round "3.51"]
[White "Satiroglu, Kaan"]
[Black "Yelligedik, Murat"]
[Result "0-1"]
[WhiteElo "1640"]
[BlackElo "2056"]
[Annotator "NA"]
[PlyCount "77"]
[EventDate "2020.01.26"]
[EventType "swiss"]
[EventCountry "TUR"]
[SourceTitle "playchess.com"]
[Source "ChessBase"]
[SourceQuality "1"]

1. e4 c5 2. Nf3 Nc6 3. d4 cxd4 4. Nxd4 Qb6 5. Nb3 Nf6 6. Nc3 e6 7. Be3 Qc7 8. f3 Bb4 9. Qd2 d5 10. a3 Bxc3 11. Qxc3 dxe4 12. fxe4 O-O 13. Bd3 Ng4 14. Bd2 Rd8 15. Be2 e5 16. h3 Nf6 17. Bg5 Rd6 18. Bd3 h6 19. Be3 Be6 20. O-O Bxb3 21. cxb3 Qd7 22. Bb5 Re8 23. Bc5 Nxe4 24. Qe3 Nxc5 25. Qxc5 Rd5 26. Bxc6 bxc6 27. Qc4 Rd2 28. Kh1 Re6 29. Rae1 Rg6 30. Re2 Rd4 31. Qc2 Rd3 32. Qc4 Rd4 33. Qc2 Qd5 34. Qf5 e4 35. Qc8+ Kh7 36. Qb7 Rd1 37. Rfe1 e3 38. Qb4 Rd2 39. Qc3 0-1

[Event "Turkey Cup 2020"]
[Site "Antalya-Belek"]
[Date "2020.01.27"]
[Round "3.52"]
[White "Seyhanoglu, Deniz"]
[Black "Akin, Bora Zubeyir"]
[Result "1-0"]
[WhiteElo "2087"]
[BlackElo "1476"]
[Annotator "NA"]
[PlyCount "101"]
[EventDate "2020.01.26"]
[EventType "swiss"]
[EventCountry "TUR"]
[SourceTitle "playchess.com"]
[Source "ChessBase"]
[SourceQuality "1"]

1. g3 Nf6 2. Bg2 e5 3. c4 c6 4. d4 e4 5. Nc3 Bb4 6. Bd2 Bxc3 7. Bxc3 d5 8. Qb3 O-O 9. e3 a5 10. cxd5 cxd5 11. Ne2 a4 12. Qa3 Bd7 13. Bb4 Re8 14. Nc3 Na6 15. O-O Nxb4 16. Qxb4 Bc6 17. Rfc1 Qa5 18. Qxa5 Rxa5 19. Bf1 Rea8 20. Rc2 Kf8 21. Rac1 Ke7 22. a3 Kd6 23. Be2 h6 24. Kg2 Re8 25. g4 Bd7 26. Kg3 g5 27. Rh1 Rg8 28. Rcc1 Rb8 29. h4 b5 30. hxg5 hxg5 31. Na2 Raa8 32. Rc5 Rh8 33. Nc3 Rh4 34. Nxb5+ Ke7 35. Nc3 Nxg4 36. Nxd5+ Kd6 37. Nb6 Nf6 38. Nxd7 Nxd7 39. Rxg5 Rxh1 40. Kg2 Rb1 41. Rb5 f5 42. Bh5 Kc6 43. Rxf5 Rxb2 44. Be8 Rb3 45. Rf7 Rxa3 46. Rxd7 Kb6 47. Rd6+ Ka5 48. Rd8 Kb4 49. Rb8+ Kc4 50. Rxa8 Kb4 51. Rxa4+ 1-0

[Event "Turkey Cup 2020"]
[Site "Antalya-Belek"]
[Date "2020.01.27"]
[Round "3.54"]
[White "Can, Furkan"]
[Black "Mermer, Yunus"]
[Result "1-0"]
[WhiteElo "1980"]
[BlackElo "1592"]
[Annotator "NA"]
[PlyCount "55"]
[EventDate "2020.01.26"]
[EventType "swiss"]
[EventCountry "TUR"]
[SourceTitle "playchess.com"]
[Source "ChessBase"]
[SourceQuality "1"]

1. d4 d5 2. Nf3 c6 3. c4 Nf6 4. Nc3 Bf5 5. cxd5 Nxd5 6. Qb3 Nb6 7. e4 Bg6 8. h4 Bh5 9. Be3 Bxf3 10. gxf3 e6 11. a4 Qe7 12. a5 Nc8 13. d5 exd5 14. exd5 Qb4 15. Qc2 Be7 16. Ra4 Qd6 17. Qb3 Qc7 18. Rg1 O-O 19. Rag4 Bf6 20. Ne4 Qxa5+ 21. Kd1 Be5 22. Rxg7+ Kh8 23. R7g5 Qxd5+ 24. Qxd5 cxd5 25. Rxe5 dxe4 26. Bd4 f6 27. Re8 Rxe8 28. Bxf6# 1-0

[Event "Turkey Cup 2020"]
[Site "Antalya-Belek"]
[Date "2020.01.27"]
[Round "3.55"]
[White "Acar, Ozgur"]
[Black "Subasi, Cagrican"]
[Result "0-1"]
[WhiteElo "1742"]
[BlackElo "1861"]
[Annotator "NA"]
[PlyCount "53"]
[EventDate "2020.01.26"]
[EventType "swiss"]
[EventCountry "TUR"]
[SourceTitle "playchess.com"]
[Source "ChessBase"]
[SourceQuality "1"]

1. e4 e5 2. Nf3 Nc6 3. d4 exd4 4. Nxd4 Nf6 5. Nc3 Bb4 6. Nxc6 bxc6 7. Bd2 O-O 8. Bd3 d5 9. O-O Bd6 10. Bg5 d4 11. Ne2 Bxh2+ 12. Kh1 Bd6 13. f4 h6 14. Bh4 g5 15. e5 gxh4 16. exf6 Bg4 17. Be4 c5 18. Bxa8 Qxa8 19. Kh2 Re8 20. Rf2 Qe4 21. Qd2 Qf5 22. Raf1 Re3 23. Kg1 Qxf6 24. c3 Qe6 25. cxd4 Rxe2 26. Rxe2 Qxe2 27. Re1 0-1

[Event "Turkey Cup 2020"]
[Site "Antalya-Belek"]
[Date "2020.01.27"]
[Round "3.56"]
[White "Aysoy, Veysi"]
[Black "Tinmaz, Kerem"]
[Result "1-0"]
[WhiteElo "1869"]
[BlackElo "1729"]
[Annotator "NA"]
[PlyCount "105"]
[EventDate "2020.01.26"]
[EventType "swiss"]
[EventCountry "TUR"]
[SourceTitle "playchess.com"]
[Source "ChessBase"]
[SourceQuality "1"]

1. e4 c5 2. a3 g6 3. Nc3 Bg7 4. g3 e6 5. Bg2 Ne7 6. Nge2 Nbc6 7. d3 b6 8. Be3 d6 9. d4 Bb7 10. O-O O-O 11. Qd2 Rc8 12. Rad1 Na5 13. b3 Ba6 14. Rfe1 Qc7 15. d5 e5 16. f4 f5 17. fxe5 Bxe5 18. Nf4 Qd7 19. Ne6 Rfe8 20. Bf4 Bh8 21. Bh3 Rf8 22. exf5 Nxf5 23. Ne4 Nb7 24. Nxf8 Rxf8 25. Ng5 Nd8 26. c4 b5 27. Re4 Bd4+ 28. Rxd4 cxd4 29. Bxf5 Rxf5 30. Qxd4 bxc4 31. bxc4 h6 32. Ne4 Qa4 33. Rc1 Qxa3 34. Ra1 Qf3 35. Rxa6 Rxf4 36. gxf4 Qxf4 37. Nf6+ Qxf6 38. Qxf6 Nf7 39. Qxg6+ Kf8 40. Qxf7+ Kxf7 41. Rxd6 Ke7 42. Rxh6 a5 43. c5 a4 44. Re6+ Kd7 45. h4 a3 46. Re2 Kc7 47. h5 a2 48. Rxa2 Kd7 49. h6 Ke7 50. Rf2 Kd7 51. h7 Ke7 52. h8=Q Kd7 53. Rf7# 1-0

[Event "Turkey Cup 2020"]
[Site "Antalya-Belek"]
[Date "2020.01.27"]
[Round "3.57"]
[White "Atik, Muhammed Ihsan"]
[Black "Yarar, Bora"]
[Result "0-1"]
[WhiteElo "1585"]
[BlackElo "1871"]
[Annotator "NA"]
[PlyCount "60"]
[EventDate "2020.01.26"]
[EventType "swiss"]
[EventCountry "TUR"]
[SourceTitle "playchess.com"]
[Source "ChessBase"]
[SourceQuality "1"]

1. d4 g6 2. Nf3 Bg7 3. g3 Nf6 4. Bg2 O-O 5. O-O d6 6. c4 c6 7. Nc3 Nbd7 8. e3 e5 9. b3 Qc7 10. Bb2 Re8 11. Re1 Nf8 12. Qc2 Bd7 13. Rad1 Rad8 14. Qc1 e4 15. Nd2 Bf5 16. Qc2 Qe7 17. Ne2 h5 18. h4 N8h7 19. Nf4 Bg4 20. Rc1 g5 21. hxg5 Nxg5 22. d5 c5 23. Qb1 h4 24. gxh4 Nf3+ 25. Bxf3 exf3 26. e4 Bh6 27. e5 Bxf4 28. exf6 Qd7 29. Ne4 Bh5 30. Ng5 Qg4+ 0-1

[Event "Turkey Cup 2020"]
[Site "Antalya-Belek"]
[Date "2020.01.27"]
[Round "3.58"]
[White "Yarar, Muammer Atakan"]
[Black "Karanlik, Suleyman"]
[Result "1-0"]
[WhiteElo "1812"]
[BlackElo "1575"]
[Annotator "NA"]
[PlyCount "85"]
[EventDate "2020.01.26"]
[EventType "swiss"]
[EventCountry "TUR"]
[SourceTitle "playchess.com"]
[Source "ChessBase"]
[SourceQuality "1"]

1. d4 d5 2. c4 e6 3. Nc3 Nf6 4. Bg5 Be7 5. e3 O-O 6. Qc2 h6 7. Bh4 b6 8. cxd5 Nxd5 9. Bxe7 Qxe7 10. Nxd5 exd5 11. Bd3 Ba6 12. Nf3 Qb4+ 13. Qd2 Qxd2+ 14. Kxd2 Bxd3 15. Kxd3 Nd7 16. Rac1 Rac8 17. Rc6 Nb8 18. Rc3 c5 19. dxc5 bxc5 20. Rhc1 Nd7 21. b4 c4+ 22. Kd4 Nf6 23. Ne5 Rfe8 24. Ra3 Rc7 25. f3 Rb7 26. Rb1 Rc8 27. b5 Rcb8 28. Kc5 Nd7+ 29. Nxd7 Rxd7 30. Ra6 Rc8+ 31. Rc6 Re8 32. Kd4 Kf8 33. a4 Re6 34. a5 Ke7 35. Rxe6+ fxe6 36. b6 axb6 37. axb6 Rb7 38. Kc5 Kd7 39. Ra1 c3 40. Rc1 Rb8 41. Kb5 Rc8 42. b7 Rb8 43. Kb6 1-0

[Event "Turkey Cup 2020"]
[Site "Antalya-Belek"]
[Date "2020.01.27"]
[Round "3.59"]
[White "Yilmaz, Cumhur"]
[Black "Arpa, Emre"]
[Result "1/2-1/2"]
[WhiteElo "1719"]
[BlackElo "1815"]
[Annotator "NA RC"]
[PlyCount "63"]
[EventDate "2020.01.26"]
[EventType "swiss"]
[EventCountry "TUR"]
[SourceTitle "playchess.com"]
[Source "ChessBase"]
[SourceQuality "1"]

1. d4 d5 2. Nf3 Nc6 3. Bg5 Nf6 4. e3 a6 5. c3 Bg4 6. Bd3 e5 7. dxe5 Nxe5 8. Qa4+ b5 9. Qd1 c5 10. Be2 Nxf3+ 11. Bxf3 Bxf3 12. Qxf3 Be7 13. Bxf6 Bxf6 14. Nd2 O-O 15. O-O b4 16. Rac1 bxc3 17. bxc3 Rb8 18. Nb3 c4 19. Nd4 Bxd4 20. exd4 Rb2 21. Ra1 Qa5 22. a4 g6 23. h4 Re8 24. Rfe1 Rbb8 25. h5 Qd8 26. hxg6 Rxe1+ 27. Rxe1 hxg6 28. g3 Qd7 29. Kg2 Kg7 30. Rh1 Rh8 31. Rxh8 Kxh8 32. Qd1 1/2-1/2

[Event "Turkey Cup 2020"]
[Site "Antalya-Belek"]
[Date "2020.01.27"]
[Round "3.60"]
[White "Aydogdu, Selcan Ayberk"]
[Black "Topcuoglu, Ata"]
[Result "1/2-1/2"]
[WhiteElo "1940"]
[BlackElo "1721"]
[Annotator "NA"]
[PlyCount "121"]
[EventDate "2020.01.26"]
[EventType "swiss"]
[EventCountry "TUR"]
[SourceTitle "playchess.com"]
[Source "ChessBase"]
[SourceQuality "1"]

1. d4 f5 2. c4 Nf6 3. Nc3 e6 4. e3 Bb4 5. Nge2 O-O 6. a3 Be7 7. Nf4 d5 8. Be2 c6 9. h3 g5 10. Nd3 dxc4 11. Ne5 b5 12. Bf3 Nd5 13. g4 a6 14. gxf5 exf5 15. Nxc6 Nxc3 16. Nxd8 Nxd1 17. Bxa8 Nxf2 18. Kxf2 Bxd8 19. Bd2 Nd7 20. Bb4 Rf6 21. Bd5+ Kg7 22. Bc3 Nb6 23. Bg2 Na4 24. Rhc1 Nxc3 25. Rxc3 Bb6 26. Rd1 h5 27. b3 Be6 28. bxc4 Bxc4 29. Bf1 Bd5 30. Be2 h4 31. Bf3 Bc4 32. Rg1 Kh6 33. Be2 Bd5 34. Rc8 f4 35. Rh8+ Kg6 36. Bd3+ Kf7 37. Rxg5 fxe3+ 38. Kxe3 Re6+ 39. Kf4 Rf6+ 40. Kg4 Bf3+ 41. Kxh4 Bxd4 42. Rh7+ Kf8 43. Rf5 Rxf5 44. Bxf5 Bc5 45. Rc7 Be7+ 46. Rxe7 Kxe7 47. Kg5 Kf7 48. Bd3 Bc6 49. Kf5 Bd7+ 50. Ke5 Bxh3 51. Kd6 Be6 52. Kc5 Ke7 53. Kb6 Bc4 54. Be4 Kd7 55. Bb7 Kd8 56. Bxa6 Bd3 57. Bb7 Be2 58. Ba6 Bd3 59. Bxb5 Bxb5 60. Kxb5 Kc7 61. Ka6 1/2-1/2

[Event "Turkey Cup 2020"]
[Site "Antalya-Belek"]
[Date "2020.01.27"]
[Round "3.61"]
[White "Hasanoglu, Hakan"]
[Black "Kaptan, Emre Akin"]
[Result "1/2-1/2"]
[WhiteElo "1554"]
[BlackElo "1869"]
[Annotator "NA"]
[PlyCount "69"]
[EventDate "2020.01.26"]
[EventType "swiss"]
[EventCountry "TUR"]
[SourceTitle "playchess.com"]
[Source "ChessBase"]
[SourceQuality "1"]

1. d4 Nf6 2. c4 e6 3. g3 d5 4. Nf3 Be7 5. Bg2 O-O 6. O-O c6 7. Qc2 Nbd7 8. Rd1 b6 9. b3 Ba6 10. Nbd2 Rc8 11. e4 dxe4 12. Nxe4 Nxe4 13. Qxe4 Nf6 14. Qc2 Qc7 15. Bf4 Bd6 16. Bxd6 Qxd6 17. c5 Qe7 18. b4 Nd5 19. a3 Rfd8 20. Nd2 Be2 21. Re1 Bh5 22. Nc4 Bg6 23. Qb3 Rb8 24. cxb6 axb6 25. Ne5 Qd6 26. Rac1 Rdc8 27. Bxd5 cxd5 28. b5 f6 29. Nc6 Ra8 30. a4 Be8 31. Nb4 Bd7 32. f4 g6 33. Nd3 Kg7 34. Kg2 h6 35. h4 1/2-1/2

[Event "Turkey Cup 2020"]
[Site "Antalya-Belek"]
[Date "2020.01.27"]
[Round "3.62"]
[White "Uzuner, Tufan Can"]
[Black "Hatipoglu, Metin"]
[Result "0-1"]
[WhiteElo "1939"]
[BlackElo "1570"]
[Annotator "NA"]
[PlyCount "136"]
[EventDate "2020.01.26"]
[EventType "swiss"]
[EventCountry "TUR"]
[SourceTitle "playchess.com"]
[Source "ChessBase"]
[SourceQuality "1"]

1. d4 d5 2. Nf3 Nf6 3. g3 e6 4. Bg2 c5 5. O-O Nc6 6. c4 b6 7. cxd5 exd5 8. Nc3 Be7 9. Bg5 Be6 10. e3 O-O 11. Rc1 h6 12. Bxf6 Bxf6 13. dxc5 bxc5 14. Na4 c4 15. b3 Rc8 16. Nc5 cxb3 17. Nxb3 Qb6 18. Qd2 Rc7 19. Rfd1 Rfc8 20. h3 a5 21. Nc5 Nb4 22. Nxe6 fxe6 23. Rxc7 Rxc7 24. Rb1 Qc5 25. Ne1 Bc3 26. Qe2 Bxe1 27. Rxe1 Qc3 28. Rf1 Qa3 29. Qb5 Kf7 30. Bf3 Re7 31. Qc5 g6 32. Rd1 Qxa2 33. Rd4 g5 34. Bh5+ Kf6 35. Kg2 Qc2 36. Qxa5 Nd3 37. Rxd3 Qxd3 38. Qd8 Qh7 39. Qf8+ Ke5 40. Qb8+ Rc7 41. Qb2+ Kd6 42. Qb6+ Kd7 43. Be2 Qe4+ 44. Kh2 Qe5 45. Bb5+ Ke7 46. Qb8 Kf7 47. Qe8+ Kg7 48. Qb8 Qc3 49. Be8 Qc2 50. Kg2 Qe4+ 51. Kh2 Rc2 52. Qa7+ Kh8 53. Qf7 Qf5 54. Qxf5 exf5 55. Kg2 Kg7 56. Ba4 Rd2 57. Bc6 Kf6 58. Bd7 Ke5 59. Kf3 h5 60. h4 gxh4 61. gxh4 d4 62. exd4+ Rxd4 63. Be8 Rxh4 64. Kg3 Rg4+ 65. Kh3 Rg5 66. Bc6 Rg6 67. Bf3 Kf4 68. Bxh5 Rh6 0-1

[Event "Turkey Cup 2020"]
[Site "Antalya-Belek"]
[Date "2020.01.27"]
[Round "3.63"]
[White "Durucay, Uygar"]
[Black "Tum, Hakan"]
[Result "0-1"]
[WhiteElo "1544"]
[BlackElo "1852"]
[Annotator "NA"]
[PlyCount "68"]
[EventDate "2020.01.26"]
[EventType "swiss"]
[EventCountry "TUR"]
[SourceTitle "playchess.com"]
[Source "ChessBase"]
[SourceQuality "1"]

1. d4 d5 2. Bf4 Nf6 3. e3 g6 4. Nd2 c5 5. c3 Nc6 6. Be2 Bg7 7. Ngf3 O-O 8. h3 Qb6 9. Qc1 cxd4 10. exd4 Bf5 11. b3 Rac8 12. Qb2 Nd7 13. Be3 Qc7 14. O-O a6 15. g4 Be6 16. Ng5 Nd8 17. Rac1 f5 18. f4 Nf6 19. Nxe6 Nxe6 20. g5 Nxg5 21. fxg5 Qg3+ 22. Kh1 Qxh3+ 23. Kg1 Qxe3+ 24. Kh1 Qxg5 25. Bf3 Ne4 26. Nxe4 fxe4 27. Bg2 Bh6 28. Bh3 Qh5 29. Qh2 Bxc1 30. Rxf8+ Rxf8 31. Be6+ Kg7 32. Qxh5 gxh5 33. Bxd5 e3 34. Bxb7 e2 0-1

[Event "Turkey Cup 2020"]
[Site "Antalya-Belek"]
[Date "2020.01.27"]
[Round "3.64"]
[White "Canbulan, Arda"]
[Black "Mangal, Ali"]
[Result "1-0"]
[WhiteElo "1840"]
[BlackElo "1702"]
[Annotator "NA"]
[PlyCount "109"]
[EventDate "2020.01.26"]
[EventType "swiss"]
[EventCountry "TUR"]
[SourceTitle "playchess.com"]
[Source "ChessBase"]
[SourceQuality "1"]

1. e4 e5 2. Nf3 Nc6 3. d4 exd4 4. Nxd4 Bc5 5. Be3 Qf6 6. c3 Nge7 7. g3 d6 8. Bg2 Bb6 9. O-O O-O 10. Qd2 h6 11. Nb5 Rd8 12. Bxb6 cxb6 13. N1a3 Be6 14. Nc7 Rac8 15. Nd5 Bxd5 16. exd5 Ne5 17. f4 Nc4 18. Nxc4 Rxc4 19. Rfe1 Rc5 20. Re2 Rd7 21. Rae1 Rdc7 22. Qd4 Kf8 23. Qxf6 gxf6 24. Rd2 a5 25. Kf2 b5 26. Rd4 Nf5 27. Rde4 Ne7 28. a3 b6 29. Rc1 Rc8 30. Rd4 Nf5 31. Rd3 R8c7 32. Ke2 b4 33. Kd2 bxa3 34. bxa3 Rb5 35. Rc2 Rb1 36. Be4 Ne7 37. c4 f5 38. Bf3 Kg7 39. Bd1 Ng8 40. Rcc3 Rb2+ 41. Bc2 Ra2 42. Kc1 Ra1+ 43. Bb1 Nf6 44. Kb2 Rxb1+ 45. Kxb1 Ne4 46. Rc2 a4 47. Re3 Rxc4 48. Rxc4 Nd2+ 49. Kc2 Nxc4 50. Rc3 b5 51. Rxc4 bxc4 52. Kc3 Kf6 53. Kxc4 Ke7 54. Kb4 Kd7 55. Kxa4 1-0

[Event "Turkey Cup 2020"]
[Site "Antalya-Belek"]
[Date "2020.01.27"]
[Round "3.65"]
[White "Ozgen, Tolga"]
[Black "Cam, Vedat"]
[Result "0-1"]
[WhiteElo "1638"]
[BlackElo "1879"]
[Annotator "NA"]
[PlyCount "104"]
[EventDate "2020.01.26"]
[EventType "swiss"]
[EventCountry "TUR"]
[SourceTitle "playchess.com"]
[Source "ChessBase"]
[SourceQuality "1"]

1. d4 Nf6 2. Nf3 e6 3. c4 d5 4. Nc3 b6 5. Bf4 Nh5 6. Bd2 Bb7 7. e3 Nf6 8. cxd5 exd5 9. Rc1 Nbd7 10. Bd3 c5 11. O-O Bd6 12. Re1 Ne4 13. Qe2 a6 14. a4 O-O 15. b3 Qe7 16. Red1 Ndf6 17. Be1 h5 18. g3 Qe6 19. Nd2 Ng5 20. f3 Rfe8 21. Bf2 Nh3+ 22. Kg2 Nxf2 23. Kxf2 cxd4 24. exd4 Qh3 25. Qf1 Qxh2+ 26. Qg2 Bxg3+ 27. Kf1 Qxg2+ 28. Kxg2 Bd6 29. Ne2 Rac8 30. Nf1 Rxc1 31. Rxc1 Rc8 32. Rxc8+ Bxc8 33. Ne3 g6 34. Nc3 Bb7 35. Kh3 Kg7 36. Ne2 Ne8 37. f4 Kf6 38. Kg3 Nc7 39. Kf3 Kg7 40. Ng3 Bc8 41. Ng2 Bg4+ 42. Ke3 Bd1 43. Nh4 Kf6 44. Nf3 Bxb3 45. Ne5 Bxa4 46. Bb1 Be8 47. Ba2 Ke7 48. f5 f6 49. fxg6 fxe5 50. Nf5+ Ke6 51. Ng7+ Kd7 52. Nxh5 Bxg6 0-1

[Event "Turkey Cup 2020"]
[Site "Antalya-Belek"]
[Date "2020.01.27"]
[Round "3.66"]
[White "Gunay, Mehmet Eren"]
[Black "Yilmaz, Serkan"]
[Result "0-1"]
[WhiteElo "1803"]
[BlackElo "1602"]
[Annotator "NA"]
[PlyCount "156"]
[EventDate "2020.01.26"]
[EventType "swiss"]
[EventCountry "TUR"]
[SourceTitle "playchess.com"]
[Source "ChessBase"]
[SourceQuality "1"]

1. e4 c5 2. Nf3 d6 3. d4 cxd4 4. Nxd4 Nf6 5. Nc3 a6 6. Bg5 e6 7. f4 Be7 8. Qf3 Qc7 9. O-O-O O-O 10. g4 b5 11. a3 Bb7 12. h4 Nc6 13. Nxc6 Qxc6 14. Bd3 Rfe8 15. f5 Nd7 16. Bxe7 Rxe7 17. g5 Ne5 18. Qh3 Nxd3+ 19. Qxd3 exf5 20. exf5 Qxh1 21. Rxh1 Bxh1 22. b4 Rc7 23. h5 Rac8 24. Ne2 Rxc2+ 25. Qxc2 Rxc2+ 26. Kxc2 Be4+ 27. Kc3 Bxf5 28. Kd4 Be6 29. Nc3 Kf8 30. Ne4 Ke7 31. h6 gxh6 32. gxh6 Bf5 33. Nc3 Be6 34. Ne4 f5 35. Ng5 Bg8 36. Ke3 Kf6 37. Kf4 d5 38. Nf3 Kg6 39. Nd4 Kxh6 40. Kxf5 Kg7 41. Nc6 h5 42. Kg5 Bf7 43. Nd4 Kf8 44. Nf5 Be6 45. Nh4 Bg4 46. Kf4 Ke7 47. Ke5 Be6 48. Ng6+ Kf7 49. Nf4 Bg4 50. Kxd5 h4 51. Kc6 Kf6 52. Nd3 Kg5 53. Kd5 Be2 54. Nf2 Kf4 55. Kd4 Kg3 56. Ke3 Bf3 57. Nh3 Bb7 58. Ng1 h3 59. Ne2+ Kg4 60. Kf2 h2 61. Ng3 h1=Q 62. Nxh1 Bxh1 63. Ke3 Bd5 64. Kd4 Bb3 65. Ke4 Bc2+ 66. Ke3 Kf5 67. Kd4 Bb3 68. Kc3 Bc4 69. Kd4 Kf4 70. a4 Kf3 71. a5 Ke2 72. Kc5 Kd3 73. Kb6 Kc3 74. Kxa6 Kxb4 75. Kb6 Bd5 76. a6 Kc4 77. a7 b4 78. a8=Q Bxa8 0-1

[Event "Turkey Cup 2020"]
[Site "Antalya-Belek"]
[Date "2020.01.27"]
[Round "3.67"]
[White "Bek, Emir"]
[Black "Kapusuz, Hasan Huseyin"]
[Result "1-0"]
[WhiteElo "1829"]
[BlackElo "1605"]
[Annotator "NA"]
[PlyCount "79"]
[EventDate "2020.01.26"]
[EventType "swiss"]
[EventCountry "TUR"]
[SourceTitle "playchess.com"]
[Source "ChessBase"]
[SourceQuality "1"]

1. d4 Nf6 2. Nf3 c5 3. d5 g6 4. c4 Bg7 5. Nc3 O-O 6. e4 d6 7. Qc2 Na6 8. Be2 e5 9. dxe6 Bxe6 10. O-O Re8 11. Rd1 Qe7 12. Bf4 Red8 13. Rd2 Nb4 14. Qd1 Ne8 15. Nb5 Bf8 16. a3 Nc6 17. Qc2 a6 18. Nc3 Bg7 19. Rad1 Nd4 20. Nxd4 Bxd4 21. Na4 Rab8 22. Nb6 Qc7 23. Qb3 Be5 24. Bg5 Bf6 25. Be3 Bg7 26. f3 Qe7 27. Kh1 Qh4 28. g3 Qh3 29. Bxc5 Be5 30. Bf2 Ng7 31. Bf1 Qh5 32. f4 Bg4 33. fxe5 Bxd1 34. Qxd1 Qxe5 35. Bg2 Ne6 36. b4 Ng5 37. Bd4 Qe6 38. Re2 Re8 39. Nd5 Rec8 40. Bf6 1-0

[Event "Turkey Cup 2020"]
[Site "Antalya-Belek"]
[Date "2020.01.27"]
[Round "3.68"]
[White "Yildirim, Kemal"]
[Black "Keser, Murat"]
[Result "0-1"]
[WhiteElo "1695"]
[BlackElo "1847"]
[Annotator "NA"]
[PlyCount "140"]
[EventDate "2020.01.26"]
[EventType "swiss"]
[EventCountry "TUR"]
[SourceTitle "playchess.com"]
[Source "ChessBase"]
[SourceQuality "1"]

1. e4 c5 2. Nf3 Nc6 3. Bb5 g6 4. Bxc6 dxc6 5. d3 Bg7 6. O-O Nf6 7. a4 O-O 8. h3 b6 9. Nbd2 Qc7 10. Re1 Nh5 11. Nc4 b5 12. Na3 Rb8 13. Rb1 Rd8 14. Qe2 Nf4 15. Qe3 Ne6 16. c3 Ba6 17. Ng5 Nxg5 18. Qxg5 b4 19. Nc4 Bxc4 20. dxc4 bxc3 21. Bf4 e5 22. Be3 c2 23. Rbc1 Rxb2 24. Bxc5 Qd7 25. Kh2 Qd3 26. Bxa7 f6 27. Qe3 Qxc4 28. a5 Bf8 29. Qe2 Qc3 30. Bb6 Rd3 31. Be3 Ra2 32. Qg4 Qc4 33. Qc8 Kf7 34. Qb7+ Be7 35. Bb6 Qb5 36. Qc8 h5 37. Qh8 Bf8 38. Be3 Qb4 39. Bh6 Bxh6 40. Qxh6 Qf8 41. Qh7+ Qg7 42. Qxg7+ Kxg7 43. Re2 Rc3 44. a6 c5 45. Kg1 Kf7 46. a7 Rxa7 47. Rexc2 Rxc2 48. Rxc2 Rc7 49. Kf1 Ke6 50. Ke2 c4 51. Kd2 Kd6 52. Kc3 f5 53. f3 h4 54. Ra2 Ke7 55. Ra6 fxe4 56. fxe4 Kf7 57. Ra5 Kf6 58. Ra8 Kg5 59. Rf8 Rc6 60. Rf2 Rc7 61. Rf3 Rc6 62. Rf2 Rc7 63. Rf3 Rd7 64. Kxc4 Rd2 65. g3 Rd4+ 66. Kc3 Rxe4 67. g4 Rd4 68. Re3 Kf4 69. Re1 Re4 70. Rd1 Re3+ 0-1

[Event "Turkey Cup 2020"]
[Site "Antalya-Belek"]
[Date "2020.01.27"]
[Round "3.69"]
[White "Kocakaplan, Emre"]
[Black "Deva, Atilla"]
[Result "1-0"]
[WhiteElo "1857"]
[BlackElo "1660"]
[Annotator "NA"]
[PlyCount "73"]
[EventDate "2020.01.26"]
[EventType "swiss"]
[EventCountry "TUR"]
[SourceTitle "playchess.com"]
[Source "ChessBase"]
[SourceQuality "1"]

1. Nf3 d6 2. d4 Nd7 3. c4 e5 4. Nc3 c6 5. g3 Ngf6 6. e4 Be7 7. Bg2 Qc7 8. O-O h6 9. Qc2 a5 10. h3 Nf8 11. Be3 Ng6 12. Rfd1 Bd7 13. Rac1 Rd8 14. Na4 exd4 15. Nxd4 c5 16. Nf5 Bxf5 17. exf5 Ne5 18. Nc3 O-O 19. b3 Nc6 20. Rd2 Rd7 21. Rcd1 Rfd8 22. Qb1 Bf8 23. g4 Ne7 24. Bf4 Ne8 25. Qd3 Qb6 26. Qg3 g5 27. fxg6 Nxg6 28. Nd5 Qa6 29. a4 Bg7 30. h4 Nxf4 31. Qxf4 f6 32. Be4 Qa7 33. Bf5 b6 34. Bxd7 Qxd7 35. Re2 Qf7 36. Qf5 Bf8 37. Rde1 1-0

[Event "Turkey Cup 2020"]
[Site "Antalya-Belek"]
[Date "2020.01.27"]
[Round "3.70"]
[White "Turan, Fatih"]
[Black "Kazik, Oguz Kagan"]
[Result "1-0"]
[WhiteElo "1354"]
[BlackElo "1888"]
[Annotator "NA"]
[PlyCount "102"]
[EventDate "2020.01.26"]
[EventType "swiss"]
[EventCountry "TUR"]
[SourceTitle "playchess.com"]
[Source "ChessBase"]
[SourceQuality "1"]

1. e4 c5 2. Nf3 e6 3. d4 cxd4 4. Nxd4 Nf6 5. Nc3 Nc6 6. a3 Be7 7. Be3 O-O 8. f3 d5 9. Qd2 e5 10. Nxc6 bxc6 11. Bg5 Be6 12. Bd3 Rb8 13. b4 a5 14. bxa5 Qxa5 15. O-O h6 16. Nxd5 Qd8 17. Nxe7+ Qxe7 18. Be3 c5 19. Qe2 Rfc8 20. Bc4 Bd7 21. Rfb1 Ba4 22. Bb5 Qa7 23. Qc4 Bxb5 24. Rxb5 Qa6 25. a4 Ne8 26. Qb3 c4 27. Qb4 Rxb5 28. Qxb5 Qd6 29. a5 Ra8 30. Qxc4 Nc7 31. Qc5 Qd7 32. Qxe5 Ne6 33. a6 Qc8 34. a7 Nd8 35. Bb6 Ne6 36. c4 Kh7 37. c5 Qd7 38. Qd6 Qb5 39. Qb8 Qb2 40. Rf1 Qd2 41. c6 Nf4 42. Bf2 Ne2+ 43. Kh1 Qd3 44. Qxa8 Nf4 45. Re1 Qd2 46. Qc8 Qxf2 47. Qf5+ Ng6 48. Ra1 Qd4 49. a8=Q Qb2 50. Qxf7 Ne7 51. Qxe7 Qxa1+ 1-0

[Event "Turkey Cup 2020"]
[Site "Antalya-Belek"]
[Date "2020.01.27"]
[Round "3.71"]
[White "Erdogmus, Yagiz Kaan"]
[Black "Ozdemir, Metin"]
[Result "1-0"]
[WhiteElo "1866"]
[BlackElo "1435"]
[Annotator "NA"]
[PlyCount "95"]
[EventDate "2020.01.26"]
[EventType "swiss"]
[EventCountry "TUR"]
[SourceTitle "playchess.com"]
[Source "ChessBase"]
[SourceQuality "1"]

1. e4 e5 2. Nf3 d6 3. Bc4 Be6 4. Bxe6 fxe6 5. O-O h6 6. d4 exd4 7. Nxd4 Qd7 8. Nc3 Nf6 9. f4 Nc6 10. Be3 O-O-O 11. Qf3 Nxd4 12. Bxd4 c5 13. Bf2 Be7 14. Rad1 Qc6 15. Qh3 d5 16. e5 Nd7 17. Rfe1 g6 18. Qd3 d4 19. Ne4 Kb8 20. c3 dxc3 21. Qxc3 Rhf8 22. Qg3 Ka8 23. Qxg6 Rxf4 24. Bg3 Rf5 25. Qg7 Bf8 26. Qh7 Qc8 27. Bh4 Nf6 28. Bxf6 Re8 29. Nd6 Bxd6 30. exd6 Rxf6 31. d7 Qd8 32. dxe8=Q Qxe8 33. Qd7 Qxd7 34. Rxd7 b6 35. Re7 Rf5 36. R1xe6 Rd5 37. Rxh6 Rd8 38. Rhh7 c4 39. Kf2 b5 40. Rxa7+ Kb8 41. Rab7+ Ka8 42. Rbd7 Re8 43. Rhe7 Rg8 44. Ra7+ Kb8 45. Reb7+ Kc8 46. Ra8+ Kxb7 47. Rxg8 b4 48. Ke3 1-0